“Aen de Ioncvrouwen” - an Sibylla Schwarz?

Titel: “Aen de Ioncvrouwen” - an Sibylla Schwarz? : Referenzen der frühbarocken Dichtung von Sibylla Schwarz (1621-1638) auf die niederländische Literatur / Monika Schneikart
Verfasser:
In: Daphnis, Band 44, Heft 1-2 (2016), Seite 171-198
alle Artikel anzeigen Überschreibungen/Überschreitungen, Band 44, Heft 1-2 (2016), Seite 171-198
alle Artikel anzeigen
Veröffentlicht: 2016
Format: Aufsatz
Sprache: Deutsch
Schlagworte:
Kein Bild verfügbar
X
alg: 42844138
001A    $03025:12-04-18 
001B    $06050:18-01-19 $t16:28:14.000 
001C    $03025:12-04-18 $t13:12:54.000 
001D    $03025:12-04-18 
001U    $0utf8 
001X    $00 
002@    $0Oou 
002C    $aText $btxt $2rdacontent 
002D    $aComputermedien $bc $2rdamedia 
002E    $aOnline-Ressource $bcr $2rdacarrier 
003@    $0428441386 
004P    $0 10.1163/18796583-04401008 
007A    $0428441386 $aHEB 
010@    $ager 
010E    $erda 
011@    $a2016 
021A    $a“Aen de Ioncvrouwen” - an Sibylla Schwarz? $dReferenzen der frühbarocken Dichtung von Sibylla Schwarz (1621-1638) auf die niederländische Literatur $hMonika Schneikart 
028A    $BVerfasser $4aut $71133378900 $8Schneikart, Monika$Z1954- [Tp3] $9403948428 
031A    $d44 $e1-2 $h171-198 $j2016 
037A    $aEnglische Zusammenfassung, Seite 171 
039B    $aEnthalten in $8--Obvc--. Daphnis. - Leiden {[u.a.] : Brill Rodopi, 1978-. - Online-Ressource. - ISSN 1879-6583 $x201600000440001829 $9079276997 
039B    $aEnthalten in $8--Aau--. Überschreibungen/Überschreitungen. - Leiden : Brill Rodopi, 2016. - 252 Seiten. - Illustrationen $9386848424 
044K    $#Schwarz, Sybilla $#Schwarz, Sibylla $#Schwarz, Sybille $#Schwarzin, Sibylle $#Schwartz, Sibylla $#Schwartz, Sibilla $#Schwartze, Sibylla $#Schwartze, Sibilla $#Schwartzen, Sibylla $#Schwartzen, Sibilla $#Schwartenus, Sibylla $#Schwartenus, Sibilla $7118762974 $8Schwarz, Sibylle$Z1621-1638 [Tp1] $9087103656 
044K    $#Civilization, Baroque $#Baroque $#Barocco $#Barroco $#Barockzeit $#Barockzeitalter $74004541-9 $8Barock [Ts1] $9085004049 
044K    $RSüdgermanische Sprachen $#Dutch language $#Néerlandais (langue) $#Lingua neerlandese $#Lengua holandesa $#Neuniederländisch $#Holländisch Standardsprache $#Niederländische Sprache $#Westniederfränkisch $74122614-8 $8Niederländisch [Ts1] $9085401633 
044K    $RBuch $RSchriftsteller $#Literature $#Littérature $#Letteratura $#Literatura $#literature $#Literature $#Literatur $#Literatur $#Belletristik $#Dichtung Literatur $#Schöne Literatur $#Sprachkunst $#Wortkunst $74035964-5 $8Literatur [Tsz] $9085097128 
044K    $RAuswirkung $RFortleben $#Influence (Literary, artistic, etc.) $#Influence littéraire, artistique, etc. $#Fortwirken $#Nachwirkung Rezeption $#Nachleben $#Wirkungsgeschichte $#Aneignung Rezeption $74049716-1 $8Rezeption [Tsz] $9085138584 
045R    $aGeschichte 1600-1650 
045T    $a7,20 
045T    $aAVL $qDE-30 $2FID 
045T    $aGER $qDE-30 $2FID 

lok: 42844138 78

exp: 42844138 78 1 #EPN
201B/01 $012-04-18 $t13:11:42.000 
201C/01 $012-04-18 
201U/01 $0utf8 
203@/01 $01021031569 
208@/01 $a12-04-18 $be 
209A/01 $a/ $f000 $x00 
209A/01 $ab*p $x01 
220C/01 $apgar 
244Z/01 $#Pommern $#Pommern $#Herzogtum Pommern $#Herzogthum Pommern $#Provinz Pommern $#Pomorze $74046744-2 $8--Tg1--Pommern $x01 $9085130354 
247C/01 $82080>Marburg/Lahn, Herder-Institut, Forschungsbibliothek, Bibliographieportal $9336309341
LEADER 00000caa a2200000 c 4500
001 428441386
003 DE-603
005 20190118162814.0
007 cr||||||||||||
008 180412s2016 xx |||| o| u00||u|ger c
024 7 |a  10.1163/18796583-04401008  |2 doi 
035 |a (DE-599)HEB428441386 
040 |a DE-603  |b ger  |c DE-603  |d DE-603  |e rda 
041 |a ger 
084 |a 7,20  |2 ssgn 
084 |a AVL  |q DE-30  |2 fid 
084 |a GER  |q DE-30  |2 fid 
100 1 |a Schneikart, Monika  |d 1954-  |e Verfasser  |4 aut  |0 (DE-603)403948428  |0 (DE-588)1133378900  |2 gnd 
245 0 0 |a “Aen de Ioncvrouwen” - an Sibylla Schwarz?  |b Referenzen der frühbarocken Dichtung von Sibylla Schwarz (1621-1638) auf die niederländische Literatur  |c Monika Schneikart 
264 0 |c 2016 
336 |a Text  |b txt  |2 rdacontent 
337 |a Computermedien  |b c  |2 rdamedia 
338 |a Online-Ressource  |b cr  |2 rdacarrier 
500 |a Englische Zusammenfassung, Seite 171 
600 1 7 |a Schwarz, Sibylle  |d 1621-1638  |0 (DE-588)118762974  |0 (DE-603)087103656  |2 gnd 
648 7 |a Geschichte 1600-1650  |2 gnd 
650 7 |a Barock  |0 (DE-588)4004541-9  |0 (DE-603)085004049  |2 gnd 
650 7 |a Niederländisch  |0 (DE-588)4122614-8  |0 (DE-603)085401633  |2 gnd 
650 7 |a Literatur  |0 (DE-588)4035964-5  |0 (DE-603)085097128  |2 gnd 
650 7 |a Rezeption  |0 (DE-588)4049716-1  |0 (DE-603)085138584  |2 gnd 
773 0 8 |i Enthalten in  |t Daphnis  |d Leiden ˜[u.a.] œ: Brill Rodopi, 1978-  |h Online-Ressource  |x 1879-6583  |g Band 44, Heft 1-2 (2016), Seite 171-198  |w (DE-603)079276997  |w (DE-600)1481780-9 
773 0 8 |i Enthalten in  |t Überschreibungen/Überschreitungen  |d Leiden : Brill Rodopi, 2016  |h 252 Seiten, Illustrationen  |g Band 44, Heft 1-2 (2016), Seite 171-198  |w (DE-603)386848424 
924 1 |9 2080  |a (DE-603)1021031569  |b DE-2080  |c HES  |d d  |g /